Elementos de electromagnetismo /

Enregistré dans:
Détails bibliographiques
Auteur principal: Sadiku, Matthew N.O (autor)
Format: Livre
Langue:espagnol
Publié: México : CECSA, 1999, c1999
Sujets:
Tags: Ajouter un tag
Pas de tags, Soyez le premier à ajouter un tag!

MARC

LEADER 00000nam^a2200000^a^4500
001 000135958
005 20250521000000.0
009 20260310095301.446
020 |a 968-26-1320-5 
037 |a Acervo ITESO - Biblioteca 
041 |a ESP 
082 |a 537.  |b SAD 
100 |a Sadiku, Matthew N.O.  |e (autor) 
240 1 1 |a [Elementos de electromagnetismo] 
245 1 0 |a Elementos de electromagnetismo /  |c M.N.O. Sadiku ; tr. por Rafael García Díaz. 
264 4 |a México :  |b CECSA,  |c 1999, c1999 
300 |a XV, 825 p. 
336 |a texto  |b txt  |2 rdacontenido 
337 |a sin mediación  |b n  |2 rdamedio 
338 |a volumen  |b nc  |2 rdasoporte 
500 |a Traducción de: Elements of Electromagnetics 
521 |a 2011 BO Licenciatura en Ingeniería en Nanotecnología 
521 |a 2016 BO Licenciatura en Ingeniería Electrónica Acreditación 
649 |a XX 
650 |a Algebra Vectorial 
650 |a Cálculo Vectorial 
650 |a Coordenadas 
650 |a Análisis Numérico 
650 |a Ecuaciones de Maxwell 
650 |a Teoría Electromagnética 
650 |a Ondas Electromagnéticas 
650 |a Campos Electromagnéticos 
650 |a Campos Magnéticos 
650 |a Magnetoestática 
650 |a Electrostática 
650 |a Electromagnetismo -  |x Tema Principal 
650 |a Magnetismo 
650 |a Electricidad 
650 |a Ingeniería Eléctrica 
650 |a Física 
910 |a Fondo General 
920 |a Impresos - Libros 
930 |a Colección General 
905 |a 101 
901 |a 0500063198  |b IT1  |c ACC  |u 20250521 
901 |a 0500064940  |b IT1  |c ACC  |u 20250521 
902 |a https://opac.biblio.iteso.mx/vufind/Record/000135958